=LDR 00000nam 2200000 4500 =001 NUTBA000000000003910 =005 20140829092025.0 =006 =007 =008 =020 ##$$a 978-602-7602-16-8 =035 ##$$a 0010-081400000000755 =040 ##$$a NBPDMAT =082 ##$$a 615.321 =084 ##$$a 615.321 Rin a =100 ##$$a Rin Purnani Wibawa =245 ##$$a Ajaibnya Terapi Herbal Tumpas Penyakit Ginjal / $c Rin Purnani Wibawa; editor, Endah Kemala =260 ##$$a Jakarta : $b Dunia Sehat, $c 2012 =300 ##$$a 152 hlm. $b ilus ; $c 20 cm. =500 ##$$a Bibliografi : hlm. 149 =650 ##$$a terapi Herbal =700 ##$$a Endah Kemala =990 ##$$a 21409497 =990 ##$$a 0001/BPAP-NTB/20142014 =990 ##$$a 0001/BPAP-NTB/20142014 =990 ##$$a 0001/BPAP-NTB/20142014 =990 ##$$a 0001/BPAP-NTB/20142014 =990 ##$$a 0001/BPAP-NTB/20142014